000
00306nam a22001457a 4500
008
230530b ||||| |||| 00| 0 eng d
020
_a
9782011600608
041
_a
FRA
080
_a
82
082
_a
82BLE
100
_a
38
101
_a
GJL
245
_a
LE BLED ORTHOGRAPHE
_c
BLED E
942
_2
udc
_c
BK
999
_c
59876
_d
59876